| 000 | 00800nam a22002417a 4500 | ||
|---|---|---|---|
| 005 | 20210325182644.0 | ||
| 008 | s2000 eng d | ||
| 020 | _a0415924464 | ||
| 041 | _aeng | ||
| 050 | _aDS732. F69P 2000 | ||
| 100 | 0 | _aFreedman, Amy L. | |
| 245 | 1 | 0 | _aPolitical participation and ethnic minorities : Chinese overseas in Malaysia, Indonesia, and the United States |
| 260 | 3 |
_aNew York : _bRoutledge, _c2000 |
|
| 300 |
_a231 p. : _b ill., maps, chart ; _c 22 cm. |
||
| 650 | 0 | 4 | _aChinese -- Foreign countries -- Politics and government |
| 650 | 0 | 4 | _aChinese -- Southern Asia |
| 650 | 0 | 4 | _aChinese -- United States |
| 650 | 0 | 4 | _aMinorities -- Political activity |
| 850 | _aNALT | ||
| 942 | _cGB | ||
| 997 | _c000000000015074 | ||
| 998 | _aAREERAT VICHACHANG | ||
| 999 |
_c15074 _d15074 |
||